书目信息 |
| 题名: |
英语形容词用法词典
|
|
| 作者: | 胡孝申 主编 | |
| 分册: | ||
| 出版信息: | 武汉 武汉大学出版社 2005.06 |
|
| 页数: | 651页 | |
| 开本: | 21cm | |
| 丛书名: | ||
| 单 册: | ||
| 中图分类: | H314.2-61 | |
| 科图分类: | ||
| 主题词: | 英语--ying yu--形容词--词典 | |
| 电子资源: | ||
| ISBN: | 7-307-04286-X | |
| 000 | 00857nam0 2200229 450 | |
| 001 | 012006353436 | |
| 005 | 20060630152223.51 | |
| 010 | @a7-307-04286-X@b精装@dCNY35.00 | |
| 100 | @a20060610d2005 km y0chiy0120 ea | |
| 101 | 0 | @achi@aeng |
| 102 | @aCN@b420000 | |
| 105 | @ay e 000yy | |
| 200 | 1 | @a英语形容词用法词典@Aying yu xing rong ci yong fa ci dian@d= A Dictionary of Usage of English Adjectives@f胡孝申主编@Fhu xiao shen zhu bian@zeng |
| 210 | @a武汉@c武汉大学出版社@d2005.06 | |
| 215 | @a651页@d21cm | |
| 330 | @a本书收集四千多条词,对在校大学生,特别是直接用英文写作和汉英翻译有很大帮助,有较大的使用价值。 | |
| 510 | 1 | @aDictionary of Usage of English Adjectives@zeng |
| 606 | 0 | @a英语@Aying yu@x形容词@j词典 |
| 690 | @aH314.2-61@v4 | |
| 701 | 0 | @a胡孝申@Ahu xiao shen@4主编 |
| 801 | 0 | @aCN@bQSSK@c20060630 |
| 905 | @a10447@dH314.2-61@eH516 | |
| 英语形容词用法词典= A Dictionary of Usage of English Adjectives/胡孝申主编.-武汉:武汉大学出版社,2005.06 |
| 651页;21cm |
| ISBN 7-307-04286-X(精装):CNY35.00 |
| 本书收集四千多条词,对在校大学生,特别是直接用英文写作和汉英翻译有很大帮助,有较大的使用价值。 |
| ● |
| 相关链接 |
|
|
|
正题名:英语形容词用法词典
索取号:H314.2-61/H516
 
预约/预借
| 序号 | 登录号 | 条形码 | 馆藏地/架位号 | 状态 | 备注 |
| 1 | 582921 | 205829219 | 语言库209/209语言库 36排2列3层/ [索取号:H314.2-61/H516] | 在馆 | |
| 2 | 582922 | 205829228 | 语言库209/209语言库 36排2列3层/ [索取号:H314.2-61/H516] | 在馆 | |
| 3 | 582923 | 205829237 | 语言库209/209语言库 36排2列3层/ [索取号:H314.2-61/H516] | 在馆 | |
| 4 | 582924 | 205829246 | 语言库209/ [索取号:H314.2-61/H516] | 在馆 | |
| 5 | 582925 | 205829255 | 语言库209/209语言库 36排2列3层/ [索取号:H314.2-61/H516] | 在馆 |